书目信息 |
| 题名: |
果品蔬菜贮藏加工问答
|
|
| 作者: | 商训生 主编 | |
| 分册: | ||
| 出版信息: | 北京 中国农业出版社 1995 |
|
| 页数: | 11,206页 | |
| 开本: | 19cm | |
| 丛书名: | ||
| 单 册: | ||
| 中图分类: | S660.9-44 | |
| 科图分类: | 67.517055 | |
| 主题词: | 水果--食品贮藏--问题解答 , 蔬菜--食品贮藏--问题解答 , 水果加工--问题解答 , 蔬菜加工--问题解答 | |
| 电子资源: | ||
| ISBN: | 978-7-109-03773-1 | |
| 000 | 00831n|m0 2200277 450 | |
| 001 | 0102568712 | |
| 005 | 20121109170000.0 | |
| 010 | @a978-7-109-03773-1@dCNY9.10 | |
| 100 | @a20021005d1995 em y0chiy0110 ea | |
| 101 | 0 | @achi |
| 102 | @aCN@b110000 | |
| 105 | @ay z 000yy | |
| 135 | @adrbn ---auuuu | |
| 200 | 1 | @a果品蔬菜贮藏加工问答@9Guo Pin Shu Cai Zhu Cang;Zang Jia Gong Wen Da @f商训生主编@b电子资源.图书 |
| 210 | @a北京@c中国农业出版社@d1995 | |
| 215 | @a11,206页@d19cm | |
| 325 | @a电子复制品 | |
| 606 | 0 | @a水果@x食品贮藏@x问题解答 |
| 606 | 0 | @a蔬菜@x食品贮藏@x问题解答 |
| 606 | 0 | @a水果加工@x问题解答 |
| 606 | 0 | @a蔬菜加工@x问题解答 |
| 690 | @aS660.9-44@v3 | |
| 692 | @a67.517055 | |
| 701 | 0 | @a商训生@9shang xun sheng@4主编 |
| 801 | 0 | @aCN@bAZmarc@c20230903 |
| 905 | @dS660.9@e10@f33@sS660.9/10@aBZT | |
| 果品蔬菜贮藏加工问答/商训生主编[电子资源.图书].-北京:中国农业出版社,1995 |
| 11,206页;19cm |
| ISBN 978-7-109-03773-1:CNY9.10 |
| ● |
| 相关链接 |
|
|
|
正题名:果品蔬菜贮藏加工问答
索取号:S660.9/10
 
预约/预借
| 序号 | 登录号 | 条形码 | 馆藏地/架位号 | 状态 | 备注 |
| 1 | 2000038794 | 2000038794 | 旧书回溯/ [索取号:S660.9/10] | 在馆 | |
| 2 | 2000038795 | 2000038795 | 旧书回溯/ [索取号:S660.9/10] | 在馆 | |
| 3 | 2000038796 | 2000038796 | 旧书回溯/ [索取号:S660.9/10] | 在馆 | |
| 4 | 2000038797 | 2000038797 | 旧书回溯/ [索取号:S660.9/10] | 在馆 | |
| 5 | 2000038798 | 2000038798 | 旧书回溯/ [索取号:S660.9/10] | 在馆 | |
| 6 | 2000038799 | 2000038799 | 旧书回溯/ [索取号:S660.9/10] | 在馆 | |
| 7 | 2000038800 | 2000038800 | 旧书回溯/ [索取号:S660.9/10] | 在馆 | |
| 8 | 2000038801 | 2000038801 | 旧书回溯/ [索取号:S660.9/10] | 在馆 | |
| 9 | 2000038802 | 2000038802 | 旧书回溯/ [索取号:S660.9/10] | 在馆 | |
| 10 | 2000038803 | 2000038803 | 旧书回溯/ [索取号:S660.9/10] | 在馆 | |
| 11 | 2000113215 | 2000113215 | 旧书回溯/ [索取号:S660.9/10] | 在馆 | |
| 12 | 2000113216 | 2000113216 | 旧书回溯/ [索取号:S660.9/10] | 在馆 | |
| 13 | 2000113217 | 2000113217 | 旧书回溯/ [索取号:S660.9/10] | 在馆 | |
| 14 | 2000113218 | 2000113218 | 旧书回溯/ [索取号:S660.9/10] | 在馆 | |
| 15 | 2000113219 | 2000113219 | 旧书回溯/ [索取号:S660.9/10] | 在馆 | |
| 16 | 2000113220 | 2000113220 | 旧书回溯/ [索取号:S660.9/10] | 在馆 | |
| 17 | 2000113251 | 2000113251 | 旧书回溯/ [索取号:S660.9/10] | 在馆 | |
| 18 | 2000113252 | 2000113252 | 旧书回溯/ [索取号:S660.9/10] | 在馆 | |
| 19 | 2000113253 | 2000113253 | 旧书回溯/ [索取号:S660.9/10] | 在馆 | |
| 20 | 2000113254 | 2000113254 | 旧书回溯/ [索取号:S660.9/10] | 在馆 | |
| 21 | 2000113255 | 2000113255 | 旧书回溯/ [索取号:S660.9/10] | 在馆 | |
| 22 | 2000113256 | 2000113256 | 旧书回溯/ [索取号:S660.9/10] | 在馆 | |
| 23 | 2000113257 | 2000113257 | 旧书回溯/ [索取号:S660.9/10] | 在馆 | |
| 24 | 2000113258 | 2000113258 | 旧书回溯/ [索取号:S660.9/10] | 在馆 | |
| 25 | 2000113259 | 2000113259 | 旧书回溯/ [索取号:S660.9/10] | 在馆 | |
| 26 | 2000113260 | 2000113260 | 旧书回溯/ [索取号:S660.9/10] | 在馆 | |
| 27 | 2000113261 | 2000113261 | 旧书回溯/ [索取号:S660.9/10] | 在馆 | |
| 28 | 2000113262 | 2000113262 | 旧书回溯/ [索取号:S660.9/10] | 在馆 | |
| 29 | 2000113263 | 2000113263 | 旧书回溯/ [索取号:S660.9/10] | 在馆 | |
| 30 | 2000114751 | 2000114751 | 旧书回溯/ [索取号:S660.9/10] | 在馆 | |
| 31 | 2000114752 | 2000114752 | 旧书回溯/ [索取号:S660.9/10] | 在馆 | |
| 32 | 2000137372 | 2000137372 | 旧书回溯/ [索取号:S660.9/10] | 在馆 | |
| 33 | 2000137373 | 2000137373 | 旧书回溯/ [索取号:S660.9/10] | 在馆 |